000 00506cam a2200145 4500500
005 20251012011029.0
041 _afre
042 _adc
100 1 0 _aUngerer, Tomi
_eauthor
245 0 0 _aDans l’expression « être soi-même », qu’est-ce que « soi-même » ?
260 _c2012.
500 _a44
786 0 _nPhilosophie magazine | 65 | 12 | 2012-12-01 | p. 3-3 | 1951-1787
856 4 1 _uhttps://shs.cairn.info/magazine-philosophie-magazine-2012-12-page-3?lang=fr&redirect-ssocas=7080
999 _c1521516
_d1521516